Participación masuclina en salud reproductiva, incluyendo planificación de la familia y la salud sexual /
Guardat en:
| Autor principal: | |
|---|---|
| Altres autors: | |
| Format: | Llibre |
| Idioma: | espanyol |
| Publicat: |
Nueva York, EUA :
FNUAP,
1996, c1996
|
| Col·lecció: | (Documento Técnico ;
28) |
| Matèries: | |
| Etiquetes: |
Sense etiquetes, Sigues el primer a etiquetar aquest registre!
|
MARC
| LEADER | 00000nam^a2200000^a^4500 | ||
|---|---|---|---|
| 001 | 000165272 | ||
| 005 | 20250521000000.0 | ||
| 009 | 20260310101011.583 | ||
| 020 | |a 0-89714-377-9 | ||
| 037 | |a Acervo ITESO - Biblioteca | ||
| 041 | |a ESP | ||
| 082 | |a 613. 9 |b GRE | ||
| 100 | |a Green, Cynthia P. |e (autor) | ||
| 245 | 1 | 0 | |a Participación masuclina en salud reproductiva, incluyendo planificación de la familia y la salud sexual / |c C.P. Green, H. Belhadj-El Ghouayel ; pról. de Sethramiah L.N. Rao. |
| 264 | 4 | |a Nueva York, EUA : |b FNUAP, |c 1996, c1996 | |
| 300 | |a VI, 104 p. | ||
| 336 | |a texto |b txt |2 rdacontenido | ||
| 337 | |a sin mediación |b n |2 rdamedio | ||
| 338 | |a volumen |b nc |2 rdasoporte | ||
| 440 | 1 | |a (Documento Técnico ; |v 28) | |
| 649 | |a XX | ||
| 650 | |a Hombres | ||
| 650 | |a Identidad de Género | ||
| 650 | |a Relaciones Intergénero | ||
| 650 | |a Relaciones de Pareja | ||
| 650 | |a Reproducción Humana | ||
| 650 | |a Salud Reproductiva | ||
| 650 | |a Prácticas Sexuales | ||
| 650 | |a Control Natal | ||
| 650 | |a Roles de Género | ||
| 650 | |a Sexualidad | ||
| 650 | |a Violencia Doméstica | ||
| 650 | |a Problemas Sociales | ||
| 650 | |a Programas Sociales | ||
| 650 | |a Servicios Médicos y de Salud | ||
| 650 | |a Promoción del Servicio | ||
| 650 | |a Publicidad | ||
| 650 | |a Medios de Comunicación y Problemas Sociales | ||
| 650 | |a Planeación Estratégica | ||
| 650 | |a Mercadotecnia Social | ||
| 650 | |a Educación y Salud | ||
| 650 | |a Educación y Promoción Popular - |x Estudios de Caso | ||
| 650 | |a Países Subdesarrollados - |x Condiciones Sociales y Culturales | ||
| 650 | |a Salud Pública | ||
| 650 | |a Política y Salud Pública | ||
| 700 | |a Belhadj-El Ghouayel, Hedia |e (autor) | ||
| 910 | |a Fondo General | ||
| 920 | |a Impresos - Libros | ||
| 930 | |a Colección General | ||
| 905 | |a 101 | ||
| 901 | |a 0500099345 |b IT1 |c ACC |u 20250521 | ||
| 902 | |a https://opac.biblio.iteso.mx/vufind/Record/000165272 | ||